Logo BPK

Biblioteka

Politechniki Koszalińskiej

Innowacje w gospodarce : (Rekord nr 22677)

Szczegóły MARC
000 -ETYKIETA REKORDU
podpole kontrolne o stałej długości 01437nam a2200445 i 4500
001 - NUMER KONTROLNY REKORDU
pole kontrolne 22677
003 - IDENTYFIKATOR NUMERU KONTROLNEGO REKORDU
podpole kontrolne KOSZ 005
005 - DATA OSTATNIEJ MODYFIKACJI REKORDU
podpole kontrolne 20210601094551.0
008 - POLE O STAŁEJ DŁUGOŚCI - DANE KONTROLNE
podpole kontrolne o stałej długości 990506s1984 pl f |100 0 pol
015 ## - NUMER BIBLIOGRAFII NARODOWEJ
Numer bibliografii narodowej UWD 1984/9384
035 ## - NUMER SYSTEMOWY
Numer systemowy przejętego rekordu 991009582789705066
035 ## - NUMER SYSTEMOWY
Numer systemowy przejętego rekordu (PL-WaBN)b12592043-48omnis_nlop
035 ## - NUMER SYSTEMOWY
Numer systemowy przejętego rekordu b12592043
035 ## - NUMER SYSTEMOWY
Numer systemowy przejętego rekordu (OCoLC)830235428
035 ## - NUMER SYSTEMOWY
Numer systemowy przejętego rekordu (PL)b0000001259204
035 ## - NUMER SYSTEMOWY
Numer systemowy przejętego rekordu (EXLNZ-48OMNIS_NETWORK)9910480202105606
040 ## - ŹRÓDŁO KATALOGOWANIA
Instytucja, która sporządziła opis WA N
Instytucja, która utworzyła rekord WA N
Instytucja, która dokonała modyfikacji KOSZ 005/HR
041 0# - KOD JĘZYKA
Kod języka tekstu pol
046 ## - DATY KODOWANE
Pojedyncza data lub początek okresu powstania dzieła lub zbioru dzieł 1984
080 ## - UNIWERSALNA KLASYFIKACJA DZIESIĘTNA - UKD
UKD 330.341.1
080 ## - UNIWERSALNA KLASYFIKACJA DZIESIĘTNA - UKD
UKD ()6)
245 00 - TYTUŁ/ODPOWIEDZIALNOŚĆ
Tytuł Innowacje w gospodarce :
Ciąg dalszy tytułu [konferencja], Białystok-Białowieża, listopad 1984 r.
260 ## - STREFA ADRESU WYDAWNICZEGO
Miejsce wydania Białystok :
Nazwa wydawcy/dystrybutora Polskie Towarzystwo Ekonomiczne,
Data publikacji, dystrybucji/powstania dokumentu 1984.
300 ## - STREFA OPISU FIZYCZNEGO
Objętość 404 s. ;
Rozmiary 21 cm.
336 ## - TYP ZAWARTOŚCI
Termin opisujący typ zawartości Tekst
Kod określający zawartość txt
Źródło (terminu i kodu) rdacontent
337 ## - TYP MEDIÓW
Tryb odtwarzania Bez urządzenia pośredniczącego
Kod typu mediów n
Źródło (terminu i kodu) rdamedia
338 ## - TYP/RODZAJ NOŚNIKA
Hasło opisujące typ nośnika Wolumin
Kod typu nośnika nc
Źródło (terminu i kodu) rdacarrier
380 ## - FORMA I TYP PUBLIKACJI
Forma i typ publikacji Książki
380 ## - FORMA I TYP PUBLIKACJI
Forma i typ publikacji Publikacje naukowe
388 ## - CZAS POWSTANIA
Czas powstania 1901-2000
388 ## - CZAS POWSTANIA
Czas powstania 1945-1989
650 #7 - HASŁO PRZEDMIOTOWE W FORMIE NAZWY OGÓLNEJ LUB JEDNOSTKOWEJ
Nazwa ogólna lub geograficzna Innowacje
Źródło hasła lub terminu DBN
650 #7 - HASŁO PRZEDMIOTOWE W FORMIE NAZWY OGÓLNEJ LUB JEDNOSTKOWEJ
Nazwa ogólna lub geograficzna Gospodarka
655 #7 - TERMIN INDEKSOWY - OKREŚLENIE RODZAJU/FORMY DOKUMENTU
Określenie rodzaju/formy dokumentu Materiały konferencyjne
658 ## - TERMIN INDEKSOWY - PRZEDMIOT PROGRAMU NAUCZANIA
Główny przedmiot programu nauczania Gospodarka, ekonomia, finanse
710 2# - HASŁO DODATKOWE - NAZWA CIAŁA ZBIOROWEGO
Nazwa ciała zbiorowego lub jednostki geograficznej Oddział w Białymstoku (Polskie Towarzystwo Ekonomiczne)
856 ## - LOKALIZACJA I DOSTĘP DO ELEKTRONICZNYCH DOKUMENTÓW ZDALNYCH
Link (URL) http://koha.tu.koszalin.pl/cgi-bin/koha/opac-detail.pl?biblionumber=22677
Tekst linku Katalog online BPK
942 ## - DODATKOWE ELEMENTY (KOHA)
Schemat klasyfikacji Uniwersalna Klasyfikacja Dziesiętna
Typ dokumentu Książka
Egzemplarze
Wycofany Status egzemplarza Uszkodzony Dostępność Lokalizacja stała Lokalizacja bieżąca Miejsce przechowywania Sygnatura Kod kreskowy Ostatnio wypożyczono Typ dokumentu
      Dostępny Biblioteka Politechniki Koszalińskiej Biblioteka Politechniki Koszalińskiej Wypożyczalnia BG 31885 01576351 07.11.2016 Książka
      Dostępny Biblioteka Politechniki Koszalińskiej Biblioteka Politechniki Koszalińskiej Wypożyczalnia BG 35216 01595680   Książka
© 2023 Biblioteka Politechniki Koszalińskiej :: KOHA